000 00534nam a2200205Ia 4500
005 20250508165131.0
008 008 250505s9999 xx 000 0 eng d
020 _a81-902094-7-7
037 _aTextual
040 _aFEDL
_beng
_cFEDL
041 _aeng
_2eng
084 _a297, ALO
_qFEDL
100 _aAloysius G Tr.
_9779949
245 0 _aPeriyar on Islam
260 _aNew Delhi, India
_bCritical Quest
_c2004
300 _a40p.
365 _aINR
_b400
942 _cTEXL
_h297, ALO
999 _c1393335
_d1393335